<?xml version="1.0" encoding="UTF-8"?>
<collection xmlns:xsi="http://www.w3.org/2001/XMLSchema-instance" xsi:schemaLocation="http://www.loc.gov/MARC21/slim http://www.loc.gov/standards/marcxml/schema/MARC21slim.xsd" xmlns="http://www.loc.gov/MARC21/slim">
 <record>
  <leader>00000cmm a22000004a 4500</leader>
  <controlfield tag="001">UP-99796217611385127</controlfield>
  <controlfield tag="003">Buklod</controlfield>
  <controlfield tag="005">20241126093327.0</controlfield>
  <controlfield tag="006">m     o  j        </controlfield>
  <controlfield tag="007">cr |n |||auu|a</controlfield>
  <controlfield tag="008">241126s2011    xx     go  j        fre|d</controlfield>
  <datafield tag="020" ind1=" " ind2=" ">
   <subfield code="a">9782817802206 (eBook)</subfield>
  </datafield>
  <datafield tag="035" ind1=" " ind2=" ">
   <subfield code="a">(iLib)UPD-00227806923</subfield>
  </datafield>
  <datafield tag="040" ind1=" " ind2=" ">
   <subfield code="a">DMLR</subfield>
   <subfield code="b">fre</subfield>
   <subfield code="e">rda</subfield>
  </datafield>
  <datafield tag="041" ind1=" " ind2=" ">
   <subfield code="a">fre</subfield>
  </datafield>
  <datafield tag="042" ind1=" " ind2=" ">
   <subfield code="a">DMLUC</subfield>
  </datafield>
  <datafield tag="084" ind1=" " ind2=" ">
   <subfield code="a">RC 946</subfield>
   <subfield code="b">B463 2011eb</subfield>
  </datafield>
  <datafield tag="245" ind1="1" ind2="0">
   <subfield code="a">Reflexions autour du bassin</subfield>
   <subfield code="c">Samy Bendaya, Veronique Salvator Witvoet, and Jean-Claude Goussard.</subfield>
  </datafield>
  <datafield tag="264" ind1=" " ind2="1">
   <subfield code="a">Paris</subfield>
   <subfield code="b">Springer</subfield>
   <subfield code="c">c2011.</subfield>
  </datafield>
  <datafield tag="300" ind1=" " ind2=" ">
   <subfield code="a">1 online resource </subfield>
   <subfield code="b">illustrations</subfield>
  </datafield>
  <datafield tag="336" ind1=" " ind2=" ">
   <subfield code="a">text</subfield>
   <subfield code="2">rdacontent</subfield>
  </datafield>
  <datafield tag="337" ind1=" " ind2=" ">
   <subfield code="a">computer</subfield>
   <subfield code="2">rdamedia</subfield>
  </datafield>
  <datafield tag="338" ind1=" " ind2=" ">
   <subfield code="a">volume</subfield>
   <subfield code="2">rdacarrier</subfield>
  </datafield>
  <datafield tag="505" ind1="0" ind2=" ">
   <subfield code="a">Biomecanique du complexe lombo-pelvi-femoral Consequences fonctionnelles des relations hanche-rachis -- Le bassin tridimensionnel dynamique en evolution dans le complexe lombo-pelvi-femoral -- Examen programme du bassin -- Syndrome du piriforme -- Pubalgie du sportif -- Douleurs perineales -- Anatomie et physiologie du systáeme nerveux peripherique du bassin -- Devenir des troubles neuro-perineaux apráes lesions sacrees -- Reflexions autour du bassin Quelques piáeges diagnostiques -- Manipulations sacro-iliaques -- Pelvis et neuro-acupunctur</subfield>
  </datafield>
  <datafield tag="506" ind1=" " ind2=" ">
   <subfield code="a">IP-based subscription, access limited to within on-campus computer network. Access via Electronic Resources of the UPD University Library Websit</subfield>
  </datafield>
  <datafield tag="520" ind1=" " ind2=" ">
   <subfield code="a">L'ouvrage aborde les pathologies du complexe lombo-pelvi fémoral, avec diagnostic et traitement. Il est divisé en 4 grands chapitres s'articulant autour des éléments anatomiques qui recouvrent cette région. Les auteurs aborderont d'abord les pathologies du bassin osseux ou ostéo-articulaire, ensuite celles des parties molles ou bassin abarticulaire, enfin le bassin neurologique en traitant aussi bien les neuropathies loco-régionales que celles occasionnant à distance des symptomatologies ou des douleurs projetées de diagnostic encore plus difficile, sans oublier bien entendu les pièges diagnostiques. Il va sans dire qu'une place de choix sera réservée au traitement spécifique de chaque état pathologique. À cet égard, en préambule un rappel anatomique et fonctionnel du complexe régional lombo-pelvien sera nécessaire, il permettra de bien asseoir cette réfle</subfield>
  </datafield>
  <datafield tag="533" ind1=" " ind2=" ">
   <subfield code="a">Electronic reproduction.</subfield>
   <subfield code="b">New York</subfield>
   <subfield code="c">SpringerLink</subfield>
   <subfield code="d">c2011.</subfield>
  </datafield>
  <datafield tag="650" ind1=" " ind2="0">
   <subfield code="a">Medical rehabilitation.</subfield>
  </datafield>
  <datafield tag="650" ind1=" " ind2="0">
   <subfield code="a">Pelvis</subfield>
   <subfield code="x">Surgery.</subfield>
  </datafield>
  <datafield tag="650" ind1=" " ind2="0">
   <subfield code="a">Neurology.</subfield>
  </datafield>
  <datafield tag="700" ind1="1" ind2=" ">
   <subfield code="a">Goussard, Jean-Claude </subfield>
   <subfield code="e">author.</subfield>
  </datafield>
  <datafield tag="700" ind1="1" ind2=" ">
   <subfield code="a">Witvoet, Veronique Salvator  </subfield>
   <subfield code="e">author.</subfield>
  </datafield>
  <datafield tag="856" ind1=" " ind2="0">
   <subfield code="y">Available for University of the Philippines System via SpringerLink</subfield>
   <subfield code="u">https://link.springer.com/book/10.1007/978-2-8178-0220-6</subfield>
  </datafield>
  <datafield tag="905" ind1=" " ind2=" ">
   <subfield code="a">FO</subfield>
  </datafield>
  <datafield tag="852" ind1="0" ind2=" ">
   <subfield code="a">UPD</subfield>
   <subfield code="b">DMLR</subfield>
  </datafield>
  <datafield tag="942" ind1=" " ind2=" ">
   <subfield code="a">Electronic Resource</subfield>
  </datafield>
 </record>
</collection>
